Statistics for LDS Missions Within the U.S.

Click here to take the quiz!

General Stats

  • This quiz has been taken 26 times
  • The average score is 69 of 110

Answer Stats

StateCity% Correct
CaliforniaLos Angeles
100%
ArizonaPhoenix
100%
OregonPortland
100%
AlaskaAnchorage
94%
GeorgiaAtlanta
94%
IdahoBoise
94%
HawaiiHonolulu
94%
NevadaLas Vegas
94%
ArkansasLittle Rock
94%
ArizonaMesa
94%
CaliforniaOakland/San Francisco
94%
FloridaOrlando
94%
UtahSalt Lake City
94%
CaliforniaSan Diego
94%
FloridaTampa
94%
ArizonaTucson
94%
New MexicoAlbuquerque
88%
AlabamaBirmingham
88%
MassachusettsBoston
88%
North CarolinaCharlotte
88%
IllinoisChicago
88%
ColoradoColorado Springs
88%
MichiganDetroit
88%
TexasHouston
88%
IdahoIdaho Falls
88%
IndianaIndianapolis
88%
FloridaJacksonville
88%
New YorkNew York City
88%
UtahOgden
88%
OklahomaOklahoma City
88%
NevadaReno
88%
TexasAustin
81%
LouisianaBaton Rouge
81%
OhioColumbus
81%
ArizonaGilbert
81%
TennesseeKnoxville
81%
TennesseeNashville
81%
PennsylvaniaPhiladelphia
81%
North CarolinaRaleigh
81%
TexasSan Antonio
81%
WashingtonSeattle
81%
UtahSt. George
81%
CaliforniaBakersfield
75%
MarylandBaltimore
75%
MontanaBillings
75%
OhioCincinnati
75%
ArizonaFlagstaff
75%
MinnesotaMinneapolis
75%
PennsylvaniaPittsburgh
75%
UtahProvo
75%
CaliforniaSacramento
75%
ArkansasBentonville
69%
West VirginiaCharleston
69%
South CarolinaColumbia
69%
TexasFort Worth
69%
CaliforniaFresno
69%
NebraskaOmaha
69%
CaliforniaSan Jose
69%
MissouriSt. Louis
69%
KentuckyLouisville
63%
WisconsinMilwaukee
63%
VirginiaRichmond
63%
WashingtonTacoma
63%
North DakotaBismarck
56%
New MexicoFarmington
56%
FloridaFort Lauderdale
56%
MichiganLansing
56%
UtahOrem
56%
IdahoPocatello
56%
KansasWichita
56%
CaliforniaAnaheim
50%
ColoradoFort Collins
50%
MissouriIndependence
50%
HawaiiLaie
50%
Washington, D.C.North
50%
CaliforniaRiverside
50%
OregonSalem
50%
WashingtonSpokane
50%
WashingtonVancouver
50%
OregonEugene
44%
TexasLubbock
44%
TexasMcAllen
44%
Washington, D.C.South
44%
New YorkSyracuse
44%
IowaIowa City
38%
New HampshireManchester
38%
ArizonaTempe
38%
TexasDallas East
31%
TexasDallas West
31%
ColoradoDenver North
31%
ColoradoDenver South
31%
CaliforniaSanta Rosa
31%
CaliforniaVentura
31%
TexasHouston East
25%
TexasHouston South
25%
WashingtonKennewick
25%
NevadaLas Vegas West
25%
UtahLayton
25%
UtahSalt Lake City South
25%
CaliforniaSan Bernardino
25%
WashingtonYakima
25%
CaliforniaArcadia
19%
CaliforniaRoseville
19%
GeorgiaAtlanta North
13%
New JerseyMorristown
13%
CaliforniaNewport Beach
13%
UtahSalt Lake City West
13%
UtahSalt Lake City Headquarters
6%
UtahSalt Lake City Temple Square
6%
WashingtonEverett
0%

Score Distribution

Percentile by Number Answered

Percent of People with Each Score

Your Score History

You have not taken this quiz